| 000 | 00493nam a2200133Ia 4500 | ||
|---|---|---|---|
| 008 | 250506s9999 xx 000 0 und d | ||
| 024 | _a09B-42-EE, 09B-29-EE, 09B-28-EE, 09B-37-EE & 09B-32-EE | ||
| 082 | _a670.427072 WAQ | ||
| 100 | _aM. Waqas Qamar, Waqas Asghar, Bisham Bashir Ahmed, Mohammad Sarmmad Saleem & Fahad Maqsood | ||
| 245 | 0 | _aElectronically Operated Hybrid Car | |
| 260 |
_aKarachi: _bUIT, _c2009 |
||
| 600 | _aElectronic Engineering | ||
| 650 | _aBachelor of Engineering (BE) | ||
| 999 |
_c27981 _d27981 |
||